000 00454nam a2200169Ia 4500
008 230917s9999||||xx |||||||||||||| ||und||
020 _cRS400
040 _e251028
_aMAIN
041 _aEnglish
082 _a320.50954 P196A
100 _aPantham, Thomas, ed.
245 0 _aAdhunik Bharat me raajnitik vichar
260 _aNew Delhi
_bSage
_c2017
300 _avii, 364 p.
500 _a3317 25/10/2018 HBD18/7551 22/11/2018 Main Budget
942 _cBK
999 _c28837
_d28837